Language development : an introduction
Saved in:
| Main Author: | |
|---|---|
| Format: | Book |
| Language: | English |
| Published: |
Boston :
Allyn and Bacon,
1996
|
| Edition: | 4th ed. |
| Subjects: | |
| Tags: |
Add Tag
No Tags, Be the first to tag this record!
|
MARC
| LEADER | 00000nam a2200000 i 4500 | ||
|---|---|---|---|
| 001 | 1/78972 | ||
| 008 | 990503s1996 eng d | ||
| 020 | |a 0-02-390191-8 | ||
| 035 | |l 10050275 | ||
| 040 | |a GR-MY-UA |b gre |e aacr | ||
| 041 | 0 | |a eng | |
| 082 | 0 | |a 401.93 | |
| 100 | 1 | |a Owens, Robert E. | |
| 245 | 1 | 0 | |a Language development : |b an introduction / |c Robert E Owens |
| 250 | |a 4th ed. | ||
| 260 | |a Boston : |b Allyn and Bacon, |c 1996 | ||
| 300 | |a 544 p. | ||
| 650 | 0 | 0 | |a Language acquisition. |
| 852 | |a INST |b RHODES |e 19990503 |h 401.93 OWE |p 005400011740 |q 005400011740 |t BK |y 0 | ||
| 901 | |a BIBL-1999-1 | ||
| 909 | |a Ρ |b 064724 |c 1999 | ||
| 922 | |a 4ΕΛΗ |b 199903 | ||